• 首页
  • 本馆介绍
  • 公告通知
  • 最新文献
  • 馆藏检索
  • 电子资源
  • 读者导购
  • 参考咨询
  • 我的图书馆
  • 登录
  • 详细信息显示
  • 放入我的书架
  • 预约/预借图书
  • 作者相关作品
  • 分类相关作品
  • 丛书相关作品
  • 出版社相关作品

书目信息

  • 表格格式
  • 工作单格式
  • 卡片格式
题名:
文化批评与华语电影
    
 
作者: 郑树森 编
分册:  
出版信息: 桂林   广西师范大学出版社  2003
页数: 249页
开本: 23cm
丛书名:
单 册:
中图分类: J90
科图分类:
主题词: 电影艺术理论
电子资源:
ISBN: 7-5633-4232-X
000 00709nam0 2200217 45
001 002524278
005 20070719192143.34
010    @a7-5633-4232-X@dCNY22.80
100    @a20031210d2003 emky0chiy0110 ea
101 0  @achi
102    @aCN@b450000
105    @ay z 000yy
200 1  @a文化批评与华语电影@Awen hua pi ping yu hua yu dian ying@f郑树森编@FZheng Shu Sen Bian
210    @a桂林@c广西师范大学出版社@d2003
215    @a249页@d23cm
330    @a本书是一部从文化批评角度研究华语电影的论文集,从不同的角度对当代华语电影中的族群意识、文化寻根、移民生态等进行立体的透视。
606 0  @a电影艺术理论
690    @aJ90@v4
701  0 @a郑树森@4编
801  0 @aCN@bNLC@c20070719
905    @a10447@dJ90@e105
    
    文化批评与华语电影/郑树森编.-桂林:广西师范大学出版社,2003
    249页;23cm
    
    
    ISBN 7-5633-4232-X:CNY22.80
    本书是一部从文化批评角度研究华语电影的论文集,从不同的角度对当代华语电影中的族群意识、文化寻根、移民生态等进行立体的透视。
●
相关链接 在E读中查询图书 在五车中查询图书 在当当中查询图书 在豆瓣中查询图书


正题名:文化批评与华语电影     索取号:J90/105         预约/预借

序号 登录号 条形码 馆藏地/架位号 状态 备注
1 0353643   3536436   第一样本阅览室/ [索取号:J90/105] 在馆    
2 0374113   203741139   第一借阅区/ [索取号:J90/105] 在馆    
3 0374114   203741148   第一借阅区/ [索取号:J90/105] 在馆    
4 0374115   203741157   第一借阅区/ [索取号:J90/105] 在馆    
5 0374116   203741166   第一借阅区/ [索取号:J90/105] 在馆    
6 0374117   203741175   第一借阅区/ [索取号:J90/105] 在馆    
7 0767586   207675862   密集书库/ [索取号:J90/105] 在馆    
唐山师范学院图书馆 欢迎您!
大连网信软件有限公司© 版权所有